000 00331nam a2200145Ia 4500
008 230312s9999||||xx |||||||||||||| ||und||
020 _a9788131713839
082 _a621.38
_bEDD-R
100 _aEdde, Byron
245 0 _aRadar
260 _bPearson Education
_aIndia
_c2007
546 _aEng.
650 _aEngineering
942 _cBK
999 _c6189
_d6189